000 00619nam a2200241Ia 4500
003 OSt
005 20220918190253.0
006 a|||||r|||| 00| 0
007 ta
008 220917b |||||||| |||| 00| 0 eng d
024 _a55,631
037 _cTextual
040 _aARTS
_cARTS
_beng
041 _2eng
_aeng
082 _aP61, D8 (906)
100 _aSteere Edward ed
_971761
245 0 _aHandbook of the Swahili language as spoken at Zanzibar
250 _a8th
260 _c1908
650 _aLINGUISTICS
942 _hP61, D8 (906)
_cTEXL
_2CC
999 _c184118
_d184118